MARC

LEADER 00000nas1a2200000 4500
001 151814
005 20231031150835.0
011 |a 0868-5800 
035 |a (RuTPU)RU\TPU\book\164605 
090 |a 151814 
100 |a 20090128a19909999k y0rusy50 ca 
101 0 |a rus 
102 |a RU 
110 |a zyuzz 0uu0 
200 1 |a Управление пространственной структурой оптического излучения  |f Академия наук СССР (АН СССР), Всесоюзный институт научной и технической информации (ВИНИТИ) 
210 |a Москва  |c ВИНИТИ  |d 1990-  
225 1 |a Итоги науки и техники 
225 1 |a Управление пространственной структурой оптического излучения 
712 0 2 |a Академия наук СССР (АН СССР)  |b Всесоюзный институт научной и технической информации (ВИНИТИ)  |c (Москва)  |2 stltpush  |3 (RuTPU)RU\TPU\col\8361 
801 1 |a RU  |b 63413507  |c 20090128  |g PSBO 
801 2 |a RU  |b 63413507  |c 20231010  |g RCR 
942 |c CR